[Event "EU-chT (Women) 20th"]
[Site "Reykjavik"]
[Date "2015.11.14"]
[Round "2.11"]
[White "Kristinardottir, Elsa Maria"]
[Black "Rogule, Laura"]
[Result "0-1"]
[WhiteElo "1887"]
[BlackElo "2277"]
[PlyCount "76"]
[EventDate "2015.11.13"]
[EventType "team-swiss"]
[EventRounds "9"]
[EventCountry "ISL"]
[SourceTitle "CBM 169 Extra"]
[Source "ChessBase"]
[SourceDate "2015.12.18"]
[SourceVersion "1"]
[SourceVersionDate "2015.12.18"]
[SourceQuality "1"]
[WhiteTeam "Iceland (W)"]
[BlackTeam "Latvia (W)"]
[WhiteTeamCountry "ISL"]
[BlackTeamCountry "LAT"]

1. e4 c5 2. Nf3 Nc6 3. Nc3 e5 4. Bc4 Be7 5. d3 d6 6. h3 h6 7. Be3 Nf6 8. Qd2 Be6 9. Nd5 Bxd5 10. Bxd5 Nxd5 11. exd5 Nd4 12. Bxd4 cxd4 13. c4 dxc3 14. bxc3 0-0 15. 0-0 Rc8 16. Rab1 Qd7 17. Rb4 Rc5 18. Rfb1 b5 19. c4 bxc4 20. dxc4 Rfc8 21. Qd3 Bd8 22. Nd2 Bb6 23. R1b2 f5 24. Kf1 R5c7 25. Rb5 e4 26. Qg3 Rf8 27. Qb3 Re8 28. Nb1 f4 29. a4 f3 30. a5 Bd4 31. Rd2 e3 32. fxe3 Bxe3 33. Rd3 fxg2+ 34. Kxg2 Qe7 35. Rxe3 Qxe3 36. Qxe3 Rxe3 37. Rb8+ Kf7 38. Rd8 Rb3 0-1

[Event "EU-chT (Women) 20th"]
[Site "Reykjavik"]
[Date "2015.11.13"]
[Round "1.2"]
[White "Kristinardottir, Elsa Maria"]
[Black "Yildiz Kadioglu, Betul Cemre"]
[Result "0-1"]
[WhiteElo "1887"]
[BlackElo "2348"]
[PlyCount "90"]
[EventDate "2015.11.13"]
[EventType "team-swiss"]
[EventRounds "9"]
[EventCountry "ISL"]
[SourceTitle "CBM 169 Extra"]
[Source "ChessBase"]
[SourceDate "2015.12.18"]
[SourceVersion "1"]
[SourceVersionDate "2015.12.18"]
[SourceQuality "1"]
[WhiteTeam "Iceland (W)"]
[BlackTeam "Turkey (W)"]
[WhiteTeamCountry "ISL"]
[BlackTeamCountry "TUR"]

1. e4 e5 2. Nf3 Nc6 3. Bc4 Nf6 4. d3 Be7 5. 0-0 0-0 6. c3 d6 7. Re1 Na5 8. Bb5 a6 9. Ba4 c5 10. Nbd2 b5 11. Bc2 Nc6 12. Nf1 h6 13. Ng3 Re8 14. h3 Qc7 15. Be3 d5 16. exd5 Nxd5 17. Qd2 Bf8 18. Nh4 Be6 19. Nhf5 Nxe3 20. Qxe3 Qd7 21. Qf3 Kh8 22. d4 Bd5 23. Qg4 exd4 24. Nxh6 Qxg4 25. Nxg4 Rxe1+ 26. Rxe1 dxc3 27. bxc3 Rd8 28. Ne5 Nxe5 29. Rxe5 g6 30. h4 Bg7 31. Re7 Bxc3 32. h5 gxh5 33. Nxh5 Bxa2 34. Ra7 a5 35. Rc7 Bd4 36. Rb7 b4 37. Ra7 b3 38. Be4 b2 39. Rxa5 b1Q+ 40. Bxb1 Bxb1 41. Nf4 Be5 42. Ra4 Bc2 43. Rc4 Rd1+ 44. Kh2 Bd3 45. Ra4 c4 0-1

[Event "ISL-chT2 1516"]
[Site "Reykjavik"]
[Date "2015.09.26"]
[Round "4.1"]
[White "Kristinardottir, Elsa Maria"]
[Black "Karlsson, Agust Sindri"]
[Result "0-1"]
[WhiteElo "1894"]
[BlackElo "2294"]
[PlyCount "62"]
[EventDate "2015.09.25"]
[EventType "team-tourn"]
[EventRounds "7"]
[EventCountry "ISL"]
[SourceTitle "EXT 2017"]
[Source "ChessBase"]
[SourceDate "2016.10.25"]
[SourceVersion "1"]
[SourceVersionDate "2016.10.25"]
[SourceQuality "1"]
[WhiteTeam "Huginn III"]
[BlackTeam "Haukar"]
[WhiteTeamCountry "ISL"]
[BlackTeamCountry "ISL"]

1. e4 c6 2. d4 d5 3. Nc3 dxe4 4. Nxe4 Nf6 5. Nxf6+ gxf6 6. Bf4 Qb6 7. Bc1 Bf5 8. c3 Nd7 9. Bd3 Bg6 10. Nf3 e5 11. Bxg6 hxg6 12. Qe2 0-0-0 13. dxe5 fxe5 14. Be3 Qa5 15. Ng5 Qd5 16. 0-0 f6 17. Rfd1 Qg8 18. Ne4 Qe6 19. Bxa7 f5 20. Nd2 Bd6 21. a4 e4 22. g3 g5 23. a5 Qh6 24. Nf1 Ne5 25. f3 Nxf3+ 26. Kf2 Nxh2 27. a6 b5 28. Bd4 Nxf1 29. Rxf1 Bxg3+ 30. Kxg3 Qh4+ 31. Kg2 Qh2# 0-1

[Event "Olympiad Women-41"]
[Site "Tromsoe"]
[Date "2014.08.12"]
[Round "10.4"]
[White "Melendez, Gabriela"]
[Black "Kristinardottir, Elsa Maria"]
[Result "1-0"]
[WhiteElo "1877"]
[BlackElo "1839"]
[PlyCount "97"]
[EventDate "2014.08.02"]
[EventType "team-swiss"]
[EventRounds "11"]
[EventCountry "NOR"]
[SourceTitle "CBM 162"]
[Source "ChessBase"]
[SourceDate "2014.09.17"]
[SourceVersion "1"]
[SourceVersionDate "2014.09.17"]
[SourceQuality "1"]
[WhiteTeam "El Salvador (W)"]
[BlackTeam "Iceland (W)"]
[WhiteTeamCountry "ESA"]
[BlackTeamCountry "ISL"]

1. d4 d5 2. c4 e5 3. dxe5 d4 4. Nf3 Nc6 5. Nbd2 Bf5 6. Nb3 Bb4+ 7. Bd2 d3 8. exd3 Bxd3 9. Bxd3 Qxd3 10. Qe2 0-0-0 11. Qxd3 Rxd3 12. Ke2 Rd7 13. Bxb4 Nxb4 14. Rhd1 Re7 15. Nbd4 Nh6 16. Kf1 Rhe8 17. Rd2 g6 18. h3 Na6 19. Nb5 Nc5 20. Nxa7+ Kb8 21. Nb5 Nf5 22. Rad1 b6 23. Nc3 c6 24. b4 Ne6 25. g4 Nfg7 26. Ne4 h6 27. Nf6 Rc8 28. Rd7 Rxd7 29. Rxd7 Rc7 30. Rxc7 Kxc7 31. h4 Nf4 32. a3 Kd8 33. Ke1 Nge6 34. Kd2 Kc7 35. Ng8 h5 36. gxh5 Nxh5 37. Ke3 Nhg7 38. Nh6 Nd8 39. Ng5 Kd7 40. Ngxf7 Nxf7 41. Nxf7 Nf5+ 42. Ke4 Nxh4 43. a4 Nf5 44. Ng5 Ne7 45. Nf3 Kc7 46. Kf4 b5 47. cxb5 cxb5 48. axb5 Kb6 49. Nd4 1-0

[Event "EU-chT (Women) 19th"]
[Site "Warsaw"]
[Date "2013.11.09"]
[Round "2.9"]
[White "Rudolf, Anna"]
[Black "Kristinardottir, Elsa Maria"]
[Result "1-0"]
[WhiteElo "2281"]
[BlackElo "1819"]
[PlyCount "99"]
[EventDate "2013.11.08"]
[EventType "team-swiss"]
[EventRounds "9"]
[EventCountry "POL"]
[SourceTitle "EXT 2014"]
[Source "ChessBase"]
[SourceDate "2013.11.20"]
[SourceVersion "1"]
[SourceVersionDate "2013.11.20"]
[SourceQuality "1"]
[WhiteTeam "Hungary (W)"]
[BlackTeam "Iceland (W)"]
[WhiteTeamCountry "HUN"]
[BlackTeamCountry "ISL"]

1. e4 c6 2. d4 d5 3. Nc3 dxe4 4. Nxe4 Nf6 5. Nxf6+ exf6 6. c3 Bd6 7. Bd3 0-0 8. Qh5 Re8+ 9. Ne2 g6 10. Qf3 Be6 11. Bf4 Bd5 12. Qg3 Bxf4 13. Qxf4 Bxg2 14. Rg1 Qd5 15. 0-0-0 Be4 16. c4 Qe6 17. d5 cxd5 18. cxd5 Qe5 19. Qxe5 Rxe5 20. Bxe4 Rxe4 21. Nc3 Re8 22. d6 Nd7 23. Nd5 Rac8+ 24. Kb1 Kg7 25. Ne7 Rc5 26. Rc1 Rd8 27. a4 Rxc1+ 28. Rxc1 Ne5 29. Rc7 Rxd6 30. Rxb7 Rd7 31. Rxd7 Nxd7 32. Nc6 a6 33. b4 f5 34. Kc2 Kf6 35. Kc3 h5 36. f4 g5 37. fxg5+ Kxg5 38. a5 f4 39. Kd3 f5 40. Ne7 Kf6 41. Nc6 Kg5 42. Kd4 Kg4 43. Ne7 h4 44. Kd3 Ne5+ 45. Kd4 f3 46. Kxe5 f2 47. Nxf5 Kh3 48. Ne3 Kxh2 49. Kf4 h3 50. Kg4 1-0

[Event "ISL-ch op"]
[Site "Reykjavik"]
[Date "2013.06.08"]
[Round "10"]
[White "Kristinardottir, Elsa Maria"]
[Black "Jonsson, Gauti Pall"]
[Result "1-0"]
[WhiteElo "1785"]
[BlackElo "1546"]
[PlyCount "115"]
[EventDate "2013.05.31"]
[EventType "swiss"]
[EventRounds "10"]
[EventCountry "ISL"]
[SourceTitle "CBM 154 Extra"]
[Source "ChessBase"]
[SourceDate "2013.06.25"]
[SourceVersion "2"]
[SourceVersionDate "2013.06.25"]
[SourceQuality "1"]

1. e4 Nf6 2. Nc3 d5 3. exd5 Nxd5 4. Bc4 Nb6 5. Bb3 e6 6. Nf3 Be7 7. d3 Nc6 8. Bf4 a6 9. a3 h6 10. Qd2 Nd5 11. Nxd5 exd5 12. d4 Be6 13. h3 Bf6 14. Ba4 b5 15. Bb3 0-0 16. c3 Bf5 17. 0-0 Na5 18. Bc2 Nc4 19. Qc1 Bxc2 20. Qxc2 Re8 21. Rfe1 Qd7 22. Rxe8+ Rxe8 23. Re1 Rxe1+ 24. Nxe1 Be7 25. Nd3 Qc6 26. Qe2 Bd6 27. Bc1 Kf8 28. Qf3 Nb6 29. Kf1 Qc4 30. Ke1 c5 31. dxc5 Bxc5 32. Nxc5 Qxc5 33. Be3 Qe7 34. Kd1 Nc4 35. Qxd5 Qxe3 36. Qxc4 Qxf2 37. Qc8+ Ke7 38. Qb7+ Ke8 39. Qe4+ Kf8 40. Kc1 Qb6 41. Kc2 Qe6 42. Qxe6 fxe6 43. Kd3 Ke7 44. c4 bxc4+ 45. Kxc4 Kd6 46. b4 Ke5 47. a4 Kf4 48. b5 axb5+ 49. axb5 Kg3 50. b6 Kxg2 51. h4 Kh3 52. b7 Kxh4 53. b8Q h5 54. Qf4+ Kh3 55. Qg5 h4 56. Kd4 e5+ 57. Kxe5 g6 58. Kf6 1-0

[Event "ISL-ch op"]
[Site "Reykjavik"]
[Date "2013.05.31"]
[Round "1"]
[White "Kristinardottir, Elsa Maria"]
[Black "Gretarsson, Hjorvar Steinn"]
[Result "0-1"]
[WhiteElo "1785"]
[BlackElo "2516"]
[PlyCount "76"]
[EventDate "2013.05.31"]
[EventType "swiss"]
[EventRounds "10"]
[EventCountry "ISL"]
[SourceTitle "CBM 154 Extra"]
[Source "ChessBase"]
[SourceDate "2013.06.25"]
[SourceVersion "2"]
[SourceVersionDate "2013.06.25"]
[SourceQuality "1"]

1. e4 c5 2. Nf3 e6 3. Nc3 Nc6 4. d4 cxd4 5. Nxd4 Qc7 6. Be2 a6 7. 0-0 Nf6 8. Nxc6 bxc6 9. f4 d5 10. e5 Nd7 11. Kh1 Be7 12. Qe1 Bb7 13. Qg3 g6 14. Na4 c5 15. c4 d4 16. Bf3 h5 17. Bxb7 Qxb7 18. Qf3 Rb8 19. Qxb7 Rxb7 20. Bd2 Nb8 21. Ba5 0-0 22. Rf3 Rc8 23. Rd1 Nc6 24. Be1 Kg7 25. Rdd3 g5 26. g3 Kg6 27. Rb3 Rcb8 28. Rxb7 Rxb7 29. Kg2 gxf4 30. gxf4 Kf5 31. b3 Rb8 32. Nb2 Rg8+ 33. Kf1 Ke4 34. Rg3 Rxg3 35. hxg3 Ke3 36. a3 a5 37. Nd1+ Kd3 38. Nf2+ Kc2 0-1

[Event "Reykjavik op"]
[Site "Reykjavik"]
[Date "2013.02.26"]
[Round "9"]
[White "Palsdottir, Soley Lind"]
[Black "Kristinardottir, Elsa Maria"]
[Result "0-1"]
[WhiteElo "1393"]
[BlackElo "1747"]
[PlyCount "136"]
[EventDate "2013.02.19"]
[EventType "swiss"]
[EventRounds "10"]
[EventCountry "ISL"]
[SourceTitle "CBM 153 Extra"]
[Source "ChessBase"]
[SourceDate "2013.04.22"]
[SourceVersion "1"]
[SourceVersionDate "2013.04.22"]
[SourceQuality "1"]

1. e4 c6 2. d4 d5 3. exd5 cxd5 4. c4 Nf6 5. Nc3 Nc6 6. Nf3 e6 7. cxd5 Nxd5 8. Bd3 g6 9. a3 Bg7 10. Bc2 Qa5 11. Qd2 0-0 12. 0-0 Rd8 13. Ne2 Qb6 14. Qd3 Nde7 15. Be3 Qc7 16. Rfd1 e5 17. Qc4 Be6 18. Qc5 b6 19. Qc3 Nd5 20. Qd2 Nxe3 21. fxe3 Bh6 22. Qc3 Qe7 23. d5 Bxd5 24. e4 Be6 25. Qxc6 Rdc8 26. Qa4 b5 27. Qxb5 Be3+ 28. Kh1 Rxc2 29. Nc3 Bf4 30. Nd5 Bxd5 31. Rxd5 Rac8 32. Rad1 Rc1 33. Qe2 g5 34. g3 R8c2 35. Qf1 Rxd1 36. Rxd1 Be3 37. Qd3 Qc5 38. b4 Qc3 39. Nxe5 Qxd3 40. Rxd3 Bb6 41. Nd7 Bf2 42. Nf6+ Kg7 43. Rf3 Bd4 44. Ne8+ Kg6 45. h3 h5 46. g4 hxg4 47. hxg4 Re2 48. Nd6 f6 49. Nf5 Re1+ 50. Kh2 Be5+ 51. Kg2 Rxe4 52. Kh3 Re2 53. Ng3 Ra2 54. Re3 Kf7 55. Rd3 Ke6 56. Nf1 Bf4 57. Rc3 Kd5 58. Rc5+ Ke4 59. Rc3 Kd4 60. Rf3 Kc4 61. Ne3+ Kb5 62. Ng2 Be5 63. Rd3 Ka4 64. Re3 Rxa3 65. Rxa3+ Kxa3 66. Ne3 Kxb4 67. Kg2 a5 68. Nd5+ Kb3 0-1

[Event "Reykjavik op"]
[Site "Reykjavik"]
[Date "2013.02.25"]
[Round "8"]
[White "Kristinardottir, Elsa Maria"]
[Black "Leimeister, Winfried"]
[Result "0-1"]
[WhiteElo "1747"]
[BlackElo "1909"]
[PlyCount "86"]
[EventDate "2013.02.19"]
[EventType "swiss"]
[EventRounds "10"]
[EventCountry "ISL"]
[SourceTitle "CBM 153 Extra"]
[Source "ChessBase"]
[SourceDate "2013.04.22"]
[SourceVersion "1"]
[SourceVersionDate "2013.04.22"]
[SourceQuality "1"]

1. e4 c5 2. Nf3 g6 3. Nc3 Bg7 4. d4 cxd4 5. Nxd4 Nc6 6. Be3 Nf6 7. f3 0-0 8. Qd2 d5 9. Nxc6 bxc6 10. 0-0-0 Be6 11. exd5 Nxd5 12. Nxd5 Bxd5 13. c4 Be6 14. Qxd8 Rfxd8 15. Rxd8+ Rxd8 16. Be2 a5 17. b3 Bd4 18. Bxd4 Rxd4 19. Rd1 Rxd1+ 20. Kxd1 c5 21. Kc2 g5 22. Bd3 h5 23. Be4 Kg7 24. Bc6 Kf6 25. Kb2 Ke5 26. Ka3 Kd6 27. Be8 Kc7 28. Kb2 h4 29. Kc3 f5 30. Kd3 Kd6 31. Ke3 Ke5 32. Bg6 Bd7 33. Bh5 Kf6 34. g3 e5 35. g4 f4+ 36. Ke2 Bc6 37. Kf2 e4 38. fxe4 Bxe4 39. Be8 Ke5 40. Ke2 Kd4 41. Bf7 Kc3 42. Bd5 Bb1 43. Kf3 Kb2 0-1

[Event "Olympiad Women-40"]
[Site "Istanbul"]
[Date "2012.09.03"]
[Round "6.4"]
[White "Kristinardottir, Elsa Maria"]
[Black "Varela la Madrid, Tilsia Carolin"]
[Result "1/2-1/2"]
[WhiteElo "1737"]
[BlackElo "2036"]
[PlyCount "128"]
[EventDate "2012.08.28"]
[EventType "team-swiss"]
[EventRounds "11"]
[EventCountry "TUR"]
[SourceTitle "CBM 150 Extra"]
[Source "ChessBase"]
[SourceDate "2012.10.19"]
[SourceVersion "1"]
[SourceVersionDate "2012.10.19"]
[SourceQuality "1"]
[WhiteTeam "Iceland (W)"]
[BlackTeam "Venezuela (W)"]
[WhiteTeamCountry "ISL"]
[BlackTeamCountry "VEN"]

1. e4 d5 2. exd5 Qxd5 3. Nc3 Qa5 4. Bc4 c6 5. d3 Nf6 6. Bd2 Bf5 7. Nf3 Nbd7 8. Qe2 e6 9. Nd4 Bg6 10. 0-0 Qe5 11. Be3 Bh5 12. Qd2 Bc5 13. f4 Qc7 14. Nf3 Bxe3+ 15. Qxe3 0-0 16. Rae1 Nb6 17. Bb3 a5 18. a3 Nbd5 19. Nxd5 Nxd5 20. Bxd5 cxd5 21. c3 Bxf3 22. Rxf3 Ra6 23. d4 b5 24. Qd3 Qc4 25. Rh3 Qxd3 26. Rxd3 Rb8 27. Rde3 g6 28. g4 b4 29. axb4 axb4 30. f5 bxc3 31. bxc3 gxf5 32. gxf5 exf5 33. Re5 Rg6+ 34. Kf2 Rb2+ 35. R1e2 Rxe2+ 36. Rxe2 Re6 37. Rb2 Kg7 38. Rb5 Rd6 39. Rc5 Kf6 40. Rc7 Ra6 41. Kf3 Re6 42. Rc5 Rd6 43. Kf4 Ke6 44. Rc7 h6 45. h3 Ra6 46. Rc8 Kf6 47. Rd8 Rc6 48. Rxd5 Rxc3 49. h4 Rh3 50. Rxf5+ Ke6 51. Rh5 Rh1 52. Rxh6+ f6 53. h5 Rh4+ 54. Ke3 Rh3+ 55. Ke4 Rh4+ 56. Kd3 Kd5 57. Rxf6 Rh3+ 58. Ke2 Rxh5 59. Rf4 Rh3 60. Kd2 Ra3 61. Rh4 Rg3 62. Ke2 Ra3 63. Kd2 Rg3 64. Ke2 Ra3 1/2-1/2

[Event "Reykjavik op"]
[Site "Reykjavik"]
[Date "2012.03.09"]
[Round "4"]
[White "Mikalsen, Erlend"]
[Black "Kristinardottir, Elsa Maria"]
[Result "0-1"]
[WhiteElo "2083"]
[BlackElo "1734"]
[PlyCount "37"]
[EventDate "2012.03.06"]
[EventType "swiss"]
[EventRounds "9"]
[EventCountry "ISL"]
[SourceTitle "CBM 147 Extra"]
[Source "ChessBase"]
[SourceDate "2012.04.24"]
[SourceVersion "1"]
[SourceVersionDate "2012.04.24"]
[SourceQuality "1"]

1. e4 e5 2. Bc4 Bc5 3. b4 Bxb4 4. c3 Bc5 5. d4 exd4 6. Qh5 Qe7 7. Bxf7+ Qxf7 8. Qxc5 d6 9. Qxd4 Nc6 10. Qe3 Nf6 11. Nf3 0-0 12. 0-0 Ng4 13. Qe2 Qh5 14. h3 Nge5 15. Nd4 Bg4 16. f3 Bxf3 17. Qc2 Be2 18. Rf4 d5 19. exd5 0-1

[Event "Reykjavik-ch"]
[Site "Reykjavik"]
[Date "2012.01.18"]
[Round "5"]
[White "Thorsteinsdottir, Hallgerdur"]
[Black "Kristinardottir, Elsa Maria"]
[Result "1-0"]
[WhiteElo "1969"]
[BlackElo "1729"]
[PlyCount "111"]
[EventDate "2012.01.08"]
[EventType "swiss"]
[EventRounds "9"]
[EventCountry "ISL"]
[SourceTitle "EXT 2014"]
[Source "ChessBase"]
[SourceDate "2013.11.20"]
[SourceVersion "1"]
[SourceVersionDate "2013.11.20"]
[SourceQuality "1"]

1. d4 d5 2. c4 c6 3. Nf3 Nf6 4. e3 e6 5. b3 Nbd7 6. Bb2 Qa5+ 7. Nbd2 Ne4 8. a3 Nxd2 9. Nxd2 Nf6 10. Bd3 Be7 11. 0-0 0-0 12. Qc2 h6 13. Nf3 Nd7 14. e4 dxe4 15. Bxe4 Bf6 16. h3 Qc7 17. Rfe1 c5 18. Rad1 cxd4 19. Nxd4 a6 20. Qe2 Be5 21. Bb1 Re8 22. Qe4 g6 23. Bc1 Bg7 24. Qh4 Qd8 25. Qg3 Qf6 26. Re3 Nf8 27. Rf3 Qe7 28. Ne2 Rd8 29. Rxd8 Qxd8 30. Rd3 Qf6 31. Nc3 Bd7 32. Bb2 Qe5 33. Qxe5 Bxe5 34. Na4 Bxb2 35. Nxb2 Bc6 36. Rd6 Kg7 37. Nd3 Nd7 38. Nb4 Nc5 39. Nxc6 bxc6 40. b4 Nb3 41. Rxc6 Rd8 42. Be4 Rd1+ 43. Kh2 Nd2 44. Bf3 Nf1+ 45. Kg1 Ra1 46. g4 Nd2+ 47. Kg2 Rxa3 48. Be2 Ra4 49. Rb6 Ne4 50. c5 Ra2 51. Kf3 Nc3 52. Bc4 Ra3 53. Kg2 a5 54. c6 Na4 55. bxa5 Rc3 56. Rb4 1-0

[Event "Reykjavik-ch"]
[Site "Reykjavik"]
[Date "2012.01.11"]
[Round "2"]
[White "Kristinardottir, Elsa Maria"]
[Black "Baldursson, Haraldur"]
[Result "1/2-1/2"]
[WhiteElo "1729"]
[BlackElo "2000"]
[PlyCount "96"]
[EventDate "2012.01.08"]
[EventType "swiss"]
[EventRounds "9"]
[EventCountry "ISL"]
[SourceTitle "EXT 2014"]
[Source "ChessBase"]
[SourceDate "2013.11.20"]
[SourceVersion "1"]
[SourceVersionDate "2013.11.20"]
[SourceQuality "1"]

1. e4 c5 2. Nf3 d6 3. Bb5+ Bd7 4. Bxd7+ Nxd7 5. Nc3 Ngf6 6. d3 g6 7. 0-0 Bg7 8. Re1 0-0 9. h3 a6 10. a4 b6 11. Bf4 h6 12. e5 dxe5 13. Nxe5 Nxe5 14. Bxe5 e6 15. Qf3 Nd5 16. Bxg7 Kxg7 17. Nxd5 Qxd5 18. Qxd5 exd5 19. Re5 Rfd8 20. Re7 Rd6 21. Kf1 Re6 22. Re1 Rxe7 23. Rxe7 Rd8 24. Rb7 Rd6 25. Rc7 a5 26. Ke2 Kf6 27. f3 d4 28. Kf2 Ke6 29. f4 f5 30. g4 fxg4 31. hxg4 h5 32. gxh5 gxh5 33. Kf3 Kf5 34. Rf7+ Rf6 35. Rh7 Kg6 36. Rh8 Re6 37. f5+ Kxf5 38. Rxh5+ Kg6 39. Rd5 Re3+ 40. Kf2 Rh3 41. Rd6+ Kf5 42. Kg2 Re3 43. Kf1 Rh3 44. Kg2 Re3 45. Kf2 Rh3 46. Kg2 Re3 47. Kf1 Rh3 48. Kg2 Re3 1/2-1/2

[Event "Reykjavik op"]
[Site "Reykjavik"]
[Date "2011.03.11"]
[Round "3.63"]
[White "Schaefer, Reyk"]
[Black "Kristinardottir, Elsa Maria"]
[Result "1-0"]
[WhiteElo "2133"]
[BlackElo "1702"]
[PlyCount "177"]
[EventDate "2011.03.09"]
[EventType "swiss"]
[EventRounds "9"]
[EventCountry "ISL"]
[SourceTitle "CBM 141 Extra"]
[Source "ChessBase"]
[SourceDate "2011.05.03"]
[SourceVersion "1"]
[SourceVersionDate "2011.05.03"]
[SourceQuality "1"]

1. d4 d5 2. Nf3 Nf6 3. c4 c6 4. Nc3 e6 5. g3 Nbd7 6. Bg2 g6 7. 0-0 Bg7 8. b3 0-0 9. Qc2 Re8 10. Rd1 dxc4 11. bxc4 Nb6 12. c5 Nbd5 13. Rb1 Nxc3 14. Qxc3 Nd5 15. Qc2 f5 16. Ne5 g5 17. Nc4 h6 18. e4 Nf6 19. Nd6 Nxe4 20. Nxe8 Qxe8 21. Bxe4 fxe4 22. Qxe4 Qd8 23. Qg6 Qd5 24. Bb2 Bd7 25. Re1 Rf8 26. Re5 Qf3 27. Rf1 Be8 28. Qxe6+ Bf7 29. Qf5 Bxa2 30. Qxf3 Rxf3 31. Re3 Bd5 32. Rfe1 b6 33. Re8+ Rf8 34. cxb6 axb6 35. Rxf8+ Kxf8 36. Re2 b5 37. Ba3+ Kf7 38. Bc5 Bf6 39. f4 g4 40. Kf2 Bc4 41. Rb2 Ke6 42. Ke3 Kf5 43. Rb1 Bd5 44. Bd6 Bd8 45. Ra1 Ke6 46. Bc5 Kf5 47. Ra8 Bc7 48. Rf8+ Kg6 49. Bb4 Be6 50. Kd3 Bc4+ 51. Kc3 Be6 52. Re8 Kf5 53. Rh8 Kg6 54. Bf8 Ba5+ 55. Kb2 Be1 56. Rxh6+ Kf7 57. Bc5 Bd5 58. Rh7+ Kg6 59. Re7 Ba5 60. Re5 Bf3 61. Rg5+ Kf6 62. Rh5 Be1 63. Kc2 Kg6 64. Rh8 Kg7 65. Rh5 Kg6 66. Rh8 Kg7 67. Rh4 Kg6 68. Kb3 Bd1+ 69. Ka3 Bf3 70. Bb4 Bf2 71. Bc3 Kf5 72. Kb4 Ke6 73. Rh5 Bd5 74. Re5+ Kf6 75. Re2 Bg1 76. Kc5 Bf3 77. Rd2 Be3 78. Ra2 Bd5 79. Ra8 Bg1 80. Rh8 Kg7 81. Rh4 Bf3 82. Kd6 Kg6 83. Rh8 Bf2 84. Ke6 Bd5+ 85. Ke5 Kg7 86. Rh4 Bf3 87. f5 Be3 88. f6+ Kg8 89. Ke6 1-0

[Event "Reykjavik op"]
[Site "Reykjavik"]
[Date "2011.03.09"]
[Round "1.63"]
[White "Kovachev, Daniel Jakobsen"]
[Black "Kristinardottir, Elsa Maria"]
[Result "1-0"]
[WhiteElo "2307"]
[BlackElo "1702"]
[PlyCount "77"]
[EventDate "2011.03.09"]
[EventType "swiss"]
[EventRounds "9"]
[EventCountry "ISL"]
[SourceTitle "CBM 141 Extra"]
[Source "ChessBase"]
[SourceDate "2011.05.03"]
[SourceVersion "1"]
[SourceVersionDate "2011.05.03"]
[SourceQuality "1"]

1. e4 c6 2. c4 d5 3. cxd5 cxd5 4. exd5 Qxd5 5. Nc3 Qa5 6. Bc4 Nf6 7. Nf3 e6 8. 0-0 Be7 9. d4 0-0 10. Bg5 h6 11. Bh4 Nc6 12. Qe2 a6 13. Rfd1 b5 14. Bb3 Bb7 15. Ne5 Qc7 16. Rac1 b4 17. Na4 Rac8 18. Nxc6 Bxc6 19. Qxa6 g5 20. Bg3 Qb7 21. Qxb7 Bxb7 22. Nb6 Rxc1 23. Rxc1 Nd5 24. Bxd5 Bxd5 25. Rc7 Bd8 26. Nxd5 Bxc7 27. Nxc7 Rd8 28. Be5 Rc8 29. Kf1 f6 30. Bd6 Kf7 31. Ke2 Rd8 32. Bc5 Rc8 33. Na6 e5 34. Nxb4 exd4 35. Bxd4 Ke6 36. a4 f5 37. a5 Kd6 38. a6 Ke7 39. Kd3 1-0